Género y familia. Poder, amor y sexualidad en la construcción de la subjetividad /
Sábháilte in:
| Príomhchruthaitheoir: | |
|---|---|
| Údair chorparáideacha: | , |
| Rannpháirtithe: | |
| Formáid: | Téacs |
| Foilsithe / Cruthaithe: |
Buenos Aires:
Paidós
|
| Ábhair: | |
| Clibeanna: |
Cuir clib leis
Níl clibeanna ann, Bí ar an gcéad duine le clib a chur leis an taifead seo!
|
MARC
| LEADER | 00000 a a2200000 04500 | ||
|---|---|---|---|
| 001 | 30161 | ||
| 003 | |||
| 040 | |||
| 020 | |a 950-12-4215-3 | ||
| 090 | |a 194508 | ||
| 100 | |a Burin, Mabel | ||
| 110 | |a Universidad Hebrea Argentina Bar Ilán | ||
| 245 | |a Género y familia. Poder, amor y sexualidad en la construcción de la subjetividad / |c Universidad Hebrea Argentina Bar Ilán | ||
| 260 | |a Buenos Aires: |b Paidós | ||
| 300 | |a 437 p. | ||
| 650 | |a VIOLENCIA | ||
| 650 | |a FAMILIA | ||
| 650 | |a GENERO | ||
| 650 | |a DISCRIMINACION BASADA EN EL GENERO | ||
| 650 | |a CAMBIO CULTURAL | ||
| 700 | |a Meler, Irene | ||
| 710 | |a Universidad de Buenos Aires | ||
| 999 | |c 11898 |d 11898 | ||



